ইসলাম রাজনীতি এবং রাষ্ট্র : পাকিস্তান অভিজ্ঞতা /

Bibliographic Details
Other Authors: খান, মোহাম্মদ আসগর
Format: Book
Language:Bengali
Published: ঢাকা : দি ইউনিভার্সিটি প্রেস লিমিটেড, ১৯৯২.
Subjects:
Classic Catalogue: View this record in Classic Catalogue
LEADER 01420nam a22002897a 4500
001 35788
003 BD-DhAAL
005 20250622151422.0
008 211028t1992 bg ||||| b||| 001 0 ben d
020 |a 9840501321 
040 |a BD-DhAAL  |d BD-DhAAL 
041 |a ben 
082 |a 954.7 
245 |a ইসলাম রাজনীতি এবং রাষ্ট্র :  |b পাকিস্তান অভিজ্ঞতা /  |c সম্পাদক মোহাম্মদ আসগর খান. 
246 |a Islam politics and the state :  |b the pakistan experience 
260 |a ঢাকা :  |b দি ইউনিভার্সিটি প্রেস লিমিটেড,  |c ১৯৯২. 
300 |a ১৪৫ পৃষ্ঠা ;  |c ২১ সে.মি. 
526 |a BIED 
541 |a Complimentary copy from BIED  |e 35788 
650 |a পাকিস্তানী রাজনীতি  |x ইতিহাস.  |9 42282 
650 |a Islam and politics.  |9 42283 
650 |a Pakistani politics  |x History.  |9 42284 
700 |a খান, মোহাম্মদ আসগর.  |9 42285 
852 |a Ayesha Abed Library  |c BIED Collection 
942 |2 ddc  |c BK 
999 |c 43293  |d 43293 
952 |0 0  |1 0  |2 ddc  |4 0  |6 954_700000000000000_ISL  |7 0  |9 69444  |a BRACUL  |b BRACUL  |c GEN  |d 2021-10-28  |e Complimentary copy from BIED  |l 1  |o 954.7 ISL  |p 3010035788  |r 2025-05-26  |s 2025-05-22  |t 1  |w 2021-10-28  |y BK  |x Transferred from BIED to General Stacks